Čtenářství u neslyšících dětí a problematika upravovaných textů /

Main Author: Ptáčková, Klára
Language: Czech
Published: Praha : Univerzita Karlova v Praze, Pedagogická fakulta, 2013
Subjects:
Physical Description: 183 s. : il. ; 21 cm
Book
Saved in:
LEADER 02031nam a2200541 a 4500
001 nkc20142614008
003 CZ PrNK
005 20141014095957.0
007 ta
008 140910s2013 xr a f 000 0 cze
015 |a cnb002614008 
020 |a 978-80-7290-635-2  |q (brož.) 
035 |a (OCoLC)892781774 
040 |a ABA001  |b cze 
072 7 |a 028  |x Čtení. Četba  |2 Konspekt  |9 12 
080 |a 316.344.6-056.263-053.2  |2 MRF 
080 |a 028.1-053.2  |2 MRF 
080 |a 028.6  |2 MRF 
080 |a 028.1  |2 MRF 
080 |a 801.82  |2 MRF 
080 |a 376  |2 MRF 
080 |a (048.8)  |2 MRF 
100 1 |a Ptáčková, Klára  |7 jx20100224015  |4 aut 
245 1 0 |a Čtenářství u neslyšících dětí a problematika upravovaných textů /  |c Klára Ptáčková 
260 |a Praha :  |b Univerzita Karlova v Praze, Pedagogická fakulta,  |c 2013 
300 |a 183 s. :  |b il. ;  |c 21 cm 
504 |a Obsahuje bibliografii a bibliografické odkazy 
650 0 7 |a neslyšící děti  |7 ph137296  |2 czenas 
650 0 7 |a dětské čtenářství  |7 ph222811  |2 czenas 
650 0 7 |a výchova ke čtenářství  |7 ph255078  |2 czenas 
650 0 7 |a čtenářská gramotnost  |7 ph136980  |2 czenas 
650 0 7 |a literární texty  |7 ph117225  |2 czenas 
650 0 7 |a speciální pedagogika  |7 ph116230  |2 czenas 
650 0 9 |a deaf children  |2 eczenas 
650 0 9 |a child reading  |2 eczenas 
650 0 9 |a readers' education  |2 eczenas 
650 0 9 |a readers' literacy  |2 eczenas 
650 0 9 |a literary texts  |2 eczenas 
650 0 9 |a special education  |2 eczenas 
655 7 |a monografie  |7 fd132842  |2 czenas 
655 9 |a monographs  |2 eczenas 
910 2 |a BOA001  |b 2-1331.699 
990 |a BK 
995 |a 01 
991 |b 201409  |c NOV  |e n 
996 6 |b 2610604134  |c 2-1331.699  |l MZK  |r Sklad / do 1 hodiny  |n 1  |p p.v.  |w 001453628  |u 000010  |a 1  |e BOA001  |j MZK50  |s P 
996 6 |b 2610607076  |c 2-1331.699  |l MZK  |r HSS 4p  |n 0  |p kup  |h 02 PTÁ  |w 001453628  |u 000020  |a 0  |e BOA001  |j MZK50  |s P 
996 7 |b 2610607077  |c 2-1331.699  |l MZK  |r Sklad / do 1 hodiny  |n 12  |p kup  |w 001453628  |u 000030  |a 1  |e BOA001  |j MZK50  |s A